000 00653nam a2200217Ia 4500
003 GCL
008 140319s9999 xx 000 0 ara d
040 _aGCL /
_cGCL
082 0 4 _a809
_bر م
100 1 _aلويس عوض
245 1 0 _aمبادئ النقد الادبى /
_cلويس عوض
700 1 _aمصطفى بدرى
700 1 _aرتشاردز، ا . ا
260 _aالقاهرة :
_bالمؤسسة المصرية العامة للتاليف والترجمة
300 _a378 ص ؛
_c24 سم
490 _a
650 0 4 _aالادب العربى
650 0 4 _aالنقد الادبى
650 0 4 _aالشعر
942 _2ddc
_cBK
999 _c46274
_d46274